00317nam a2200121Ia 4500008004100000020001800041041000800059082002800067100003500095245002900130260002600159300001000185230411s9999 xx 000 0 und d a0-323-01804-1 aeng aMS/610.73677/PHI/B01595 aPhipps Wilma & Monahan Frances aMedical Surgical Nursing bMosbyaSt Louisc2003 a2150p